| 000 | 00606nam a2200217Ii 4500 | ||
|---|---|---|---|
| 001 | 19067 | ||
| 003 | CO-ViMGA | ||
| 008 | 241108s9999||||xx |||||||||||||| ||und|| | ||
| 020 | _a9588160340 | ||
| 040 |
_aCO-ViMGA _bspa _erda _cCO-ViMGA |
||
| 041 | 0 | _aspa | |
| 082 | 0 | 4 | _aCo864.44 E71p |
| 100 | 1 |
_aEduardo Escobar _946283 |
|
| 245 | 1 | 0 | _aProsa incompleta |
| 264 | 1 | _aBogotá, Colombia : Villegas Editores, 2004 | |
| 300 | _avolumen | ||
| 336 |
_atext _btxt _2rdacontent |
||
| 337 |
_aunmediated _bn _2rdamedia |
||
| 338 |
_avolume _bnc _2rdacarrier |
||
| 940 | _aidficha_siabuc: 18724. -- ficha_no_siabuc:19067 | ||
| 999 |
_c40841 _d40841 |
||